00831 a2200229 4500999001500000003000500015005001700020008004100037020001500078020001800093040000900111082001000120100001500130245006200145260005300207300002900260500001500289856008200304856008700386942002300473952010500496 c3703d3703Nust20170105101223.0161124b xxu||||| |||| 00| 0 eng d a8120311833 a9788120311831 a0c0 2338.91 aMc, Grath.10aTraining for life and leadership in industry /cGrath Mc. a[S.l.] :bPrentice-Hall of India Pvt.Ltd,c2004. a1 v. (unpaged) ;c23 cm. aPaperback.403Amazon.comuhttp://www.amazon.com/exec/obidos/ASIN/8120311833/chopaconline-20403Amazon customer reviewsuhttp://www.chopac.org/cgi-bin/tools/azrev.pl?q=8120311833 cBKk338.9 MCG2ddc 00102ddc40708NFICaCLbCLcGENd2016-11-24l0o338.9 MCGpS3H-N-1233r2016-11-24w2016-11-24yBK